Normal view
MARC view
Entry Personal Name
001 - CONTROL NUMBER
- control field: 19249
003 - CONTROL NUMBER IDENTIFIER
- control field: dpl
005 - DATE AND TIME OF LATEST TRANSACTION
- control field: 20100909160641.0
008 - FIXED-LENGTH DATA ELEMENTS
- fixed length control field: 100909|||a|||||| | ||| d
040 ## - CATALOGING SOURCE
- Original cataloging agency: dpl
- Transcribing agency: dpl
100 ## - HEADING--PERSONAL NAME
- Personal name: अडिगा, अरविंद
670 ## - SOURCE DATA FOUND
- Source citation: Work cat.: (dpl)44910: अडिगा, अरविंद, व्हाईट टायगर /, 2009
670 ## - SOURCE DATA FOUND
- Source citation: Work cat.: (dpl)44910: अडिगा, अरविंद, व्हाईट टायगर /, 2009
